|
|
|
|
| LEADER |
00000cam a2200000 7i4500 |
| 001 |
0000000106 |
| 005 |
20000717.0 |
| 020 |
0 |
0 |
|a 9830680940
|
| 090 |
0 |
0 |
|a 652.55369
|b BRI 1997
|
| 100 |
1 |
0 |
|a BRINDLEY
|h Keith
|
| 245 |
1 |
0 |
|a Word cara mudah
|c Keith Brindley, penterjemah Norlida Jantan
|
| 260 |
0 |
0 |
|a Kuala Lumpur :
|b ITNM ,
|c 1997
|
| 300 |
|
|
|a viii, 152 p. :
|b ill. ;
|c 25 cm.
|
| 500 |
0 |
0 |
|a Includes index
|
| 650 |
0 |
0 |
|a Word for windows
|x (Computer program)
|
| 650 |
0 |
0 |
|a Word processing
|x Computer programs
|
| 700 |
0 |
1 |
|a Norlida Jantan
|
| 999 |
|
|
|a 0000001080
|b Monograph
|c Open Shelf
|e Default branch
|